000 00300nam a22001337a 4500
008 171024b xxu||||| |||| 00| 0 eng d
020 _a9780716773092
041 _aeng
080 _23RD
_a311
100 _a55
101 _aSTA
245 _aTHE PRACTICE OF STATISTICS
_cYATES,D.S
942 _2udc
_cBK
999 _c35756
_d35756